Querido Jesús: 7§ básico
Bewaard in:
| Hoofdauteurs: | , |
|---|---|
| Formaat: | Boek |
| Taal: | Spaans |
| Gepubliceerd in: |
Santiago
SM
2004
Santiago PPC 2004 |
| Editie: | 4a. ed |
| Reeks: | Religión católica
|
| Onderwerpen: | |
| Tags: |
Voeg label toe
Geen labels, Wees de eerste die dit record labelt!
|
MARC
| LEADER | 00000nam a2200000 a 4500 | ||
|---|---|---|---|
| 001 | UCH8353 | ||
| 003 | CL-VaPUC | ||
| 008 | 091127e20040000cl |||||||||||||||||spa|d | ||
| 020 | |a 9562641422 | ||
| 082 | 0 | 4 | |a 372.84 |b COR |2 21 |
| 100 | 0 | |a Cortés, Javier |e author |9 544900 | |
| 700 | 0 | |a Cortés, Miguel Angel |e author |9 544901 | |
| 245 | 1 | 0 | |a Querido Jesús: 7§ básico |
| 250 | |a 4a. ed | ||
| 300 | |a 143 p | ||
| 942 | |c BK | ||
| 945 | |d 20091127 00:00:00 |a lazolas | ||
| 260 | |a Santiago |b SM |c 2004 | ||
| 260 | |a Santiago |b PPC |c 2004 | ||
| 500 | |a Material de Religión para el Séptimo Año de Enseñanza Básica (NB5), según los Objetivos Fundamentales y Contenidos Mínimos Obligatorios | ||
| 650 | 0 | |a Educación |9 258661 | |
| 650 | 0 | |a Cristianismo |9 257361 | |
| 650 | 0 | |a Catolicismo |9 258690 | |
| 650 | 7 | |a EDUCACION CRISTIANA |2 CL-VaPUC |9 308333 | |
| 650 | 0 | |a Educación religiosa |9 308312 | |
| 650 | 0 | |a Vida cristiana |9 258753 | |
| 650 | 0 | |a Religión católica |9 399371 | |
| 650 | 0 | |a Iglesia Católica |9 256114 | |
| 650 | 0 | |a Educación básica |9 224933 | |
| 583 | |a last modification |c 20171213 02:24:15 |k Rodrigo Vera | ||
| 490 | 0 | |a Religión católica | |
| 999 | |c 338575 |d 338573 | ||